[Event "4NCL Division 2d"]
[Site "Puma Hotel, Hinckley Island EN"]
[Date "2013.05.05"]
[Round "10.74"]
[White "Jackson, Sheila"]
[Black "Maroroa, Sue Y"]
[Result "0-1"]
[WhiteElo "2177"]
[BlackElo "2072"]
[PlyCount "128"]
[EventDate "2013.05.05"]
[WhiteTeam "Spirit of Atticus"]
[BlackTeam "North East England"]

1. e4 c5 2. c3 d5 3. exd5 Qxd5 4. d4 Nc6 5. Nf3 Bf5 6. dxc5 Qxd1+ 7. Kxd1 e6 8.
Be3 Nf6 9. Bb5 Nd5 10. Nd4 O-O-O 11. Nd2 Nxe3+ 12. fxe3 Bxc5 13. Ke2 Ne5 14.
N2f3 Nxf3 15. gxf3 Bg6 16. b4 Be7 17. e4 Bf6 18. Rhd1 Rd6 19. Ba4 a6 20. b5
Rhd8 21. bxa6 bxa6 22. Rac1 Bg5 23. Rb1 e5 24. Nb3 f5 25. Rxd6 Rxd6 26. Rg1 Bh6
27. exf5 Bxf5 28. Rd1 Rxd1 29. Kxd1 Bh3 30. Nc5 Bf4 31. Bc2 h5 32. Bg6 h4 33.
Nxa6 Bxh2 34. Ke2 Bg1 35. Nb4 Bg2 36. Bf5+ Kb7 37. Nd3 h3 38. Bxh3 Bxh3 39.
Nxe5 Be6 40. a4 Bb3 41. a5 Ka6 42. f4 Bd5 43. Kd3 Kxa5 44. f5 Bf2 45. Ng6 Kb6
46. Nf4 Bf7 47. Ke4 Bh4 48. Nd3 Bf6 49. Ne5 Bg8 50. Ng4 Kc5 51. Kf4 Kc4 52. Nf2
Bd5 53. Nd1 Kd3 54. Ne3 Bf7 55. Ng4 Kxc3 56. Ne5 Bd5 57. Nd7 Kd4 58. Kg4 Bf7
59. Kf4 Kd5 60. Nf8 Kd6 61. Nh7 Ke7 62. Kg4 Bg8 63. Ng5 Bxg5 64. Kxg5 Bf7 0-1

[Event "4NCL Division 2d"]
[Site "Puma Hotel, Hinckley Island EN"]
[Date "2013.05.05"]
[Round "10.76"]
[White "Smith, Andrew P"]
[Black "Prasath, Malola TS"]
[Result "1-0"]
[WhiteElo "2119"]
[BlackElo "2076"]
[PlyCount "51"]
[EventDate "2013.05.05"]
[WhiteTeam "Spirit of Atticus"]
[BlackTeam "North East England"]

1. e4 Nc6 2. d4 e5 3. dxe5 Nxe5 4. Nc3 Ng6 5. Be3 Bb4 6. Qd4 Bxc3+ 7. Qxc3 Nf6
8. O-O-O O-O 9. f3 d6 10. h4 h6 11. g4 Nd7 12. g5 h5 13. Bd4 f6 14. Bc4+ Kh7
15. gxf6 gxf6 16. Ne2 Nde5 17. Bb3 f5 18. Rdg1 f4 19. Rg5 Kh6 20. Rhg1 Rf6 21.
Bxe5 dxe5 22. Rxe5 Rc6 23. Rxh5+ Kxh5 24. Qg7 Qh8 25. Nxf4+ Kxh4 26. Nxg6+ 1-0

[Event "4NCL Division 2d"]
[Site "Puma Hotel, Hinckley Island EN"]
[Date "2013.05.05"]
[Round "10.77"]
[White "Davey, Mark"]
[Black "Ackley, Peter JE"]
[Result "1/2-1/2"]
[WhiteElo "1999"]
[BlackElo "2029"]
[PlyCount "71"]
[EventDate "2013.05.05"]
[WhiteTeam "North East England"]
[BlackTeam "Spirit of Atticus"]

1. e4 e6 2. d4 d5 3. Nd2 Nf6 4. e5 Nfd7 5. Bd3 c5 6. c3 Nc6 7. Ne2 cxd4 8. cxd4
f6 9. Nf4 Nxd4 10. Qh5+ Ke7 11. Ng6+ hxg6 12. exf6+ Nxf6 13. Qxh8 Kf7 14. Qh4
e5 15. Nf3 Nxf3+ 16. gxf3 Bf5 17. Bxf5 gxf5 18. O-O g6 19. Bg5 Bg7 20. Bh6 Qh8
21. Bg5 Qxh4 22. Bxh4 Bh6 23. Bxf6 Kxf6 24. Rfd1 d4 25. Rd3 Rd8 26. Rb3 Rd7 27.
Kf1 Bf4 28. h3 d3 29. Rb4 Ke6 30. Rd1 d2 31. Ke2 Rh7 32. Rg1 Kf6 33. Rd1 g5 34.
Rg1 Rc7 35. Rd1 Rh7 36. Rg1 1/2-1/2

[Event "4NCL Division 2d"]
[Site "Puma Hotel, Hinckley Island EN"]
[Date "2013.05.05"]
[Round "10.78"]
[White "Robertson, David J"]
[Black "Plater, Ron"]
[Result "1-0"]
[WhiteElo "1939"]
[BlackElo "1934"]
[PlyCount "117"]
[EventDate "2013.05.05"]
[WhiteTeam "Spirit of Atticus"]
[BlackTeam "North East England"]

1. e4 e6 2. d4 d5 3. Nc3 Nf6 4. e5 Nfd7 5. f4 c5 6. Nf3 Nc6 7. Be3 Be7 8. Qd2
a6 9. O-O-O h5 10. Qf2 Qa5 11. Kb1 g6 12. h4 b5 13. dxc5 b4 14. Ne2 Nxc5 15.
Ned4 Nxd4 16. Nxd4 Ne4 17. Qe1 Bd7 18. Bd3 Nc5 19. Rh3 Qc7 20. Qf2 Nxd3 21.
cxd3 Rc8 22. Rc1 Qb8 23. Rxc8+ Qxc8 24. Nb3 Bb5 25. Bc5 Bxc5 26. Qxc5 Qxc5 27.
Nxc5 Ke7 28. d4 Rb8 29. a3 a5 30. a4 Bc4 31. b3 Bf1 32. Rh2 Be2 33. g3 Bg4 34.
Kc1 Bf5 35. Kd2 Rb6 36. Rh1 Ke8 37. Rc1 Ke7 38. Ke3 Ke8 39. Nd3 Bxd3 40. Kxd3
Kd7 41. Ke3 Rb7 42. Kf3 Ke7 43. g4 hxg4+ 44. Kxg4 Kf8 45. Kg5 Kg7 46. h5 gxh5
47. Kxh5 Rb8 48. Kg5 Rh8 49. f5 exf5 50. Kxf5 Rh5+ 51. Kg4 Rh2 52. Rc5 Rg2+ 53.
Kf3 Rb2 54. Rxd5 Rxb3+ 55. Ke4 Ra3 56. Rxa5 f5+ 57. Kxf5 b3 58. Ra7+ Kf8 59.
Kf6 1-0

[Event "4NCL Division 2d"]
[Site "Puma Hotel, Hinckley Island EN"]
[Date "2013.05.05"]
[Round "10.81"]
[White "Jones, Victor GL"]
[Black "Peat, Matthew"]
[Result "1-0"]
[WhiteElo "2240"]
[BlackElo "2094"]
[PlyCount "70"]
[EventDate "2013.05.05"]
[WhiteTeam "KJCA Kings"]
[BlackTeam "e2e4.org.uk 2"]

1. e4 c6 2. d4 d5 3. e5 Bf5 4. Nc3 e6 5. g4 Bg6 6. Nge2 c5 7. h4 h5 8. Nf4 Bh7
9. Nxh5 Nc6 10. Bb5 cxd4 11. Qxd4 Nge7 12. Bg5 Qd7 13. Qa4 a6 14. O-O-O Rc8 15.
Bxc6 Nxc6 16. Rhe1 b5 17. Qf4 Nb4 18. Nxg7+ Bxg7 19. Qxb4 Rc4 20. Qb3 Qc7 21.
Rd2 O-O 22. f4 Rc8 23. Ree2 Qc5 24. Nd1 a5 25. f5 a4 26. Qf3 b4 27. Ne3 b3 28.
axb3 axb3 29. Nxc4 Qxc4 30. Kb1 Ra8 31. Qxb3 Qxg4 32. Rg2 Qxf5 33. Rd1 Qxe5 34.
Bh6 Bg6 35. Bxg7 Kxg7 {Black overstepped the time limit} 1-0

[Event "4NCL Division 2d"]
[Site "Puma Hotel, Hinckley Island EN"]
[Date "2013.05.05"]
[Round "10.82"]
[White "Byron, Alan M"]
[Black "Sathyanandha, Saravanan"]
[Result "1/2-1/2"]
[WhiteElo "2160"]
[BlackElo "2097"]
[PlyCount "149"]
[EventDate "2013.05.05"]
[WhiteTeam "e2e4.org.uk 2"]
[BlackTeam "KJCA Kings"]

1. c4 e5 2. g3 Nf6 3. Bg2 c6 4. Nf3 e4 5. Nd4 d5 6. cxd5 cxd5 7. Nc3 Nc6 8.
Nxc6 bxc6 9. d3 exd3 10. Qxd3 Qb6 11. O-O Be7 12. Na4 Qa5 13. Qc2 O-O 14. Be3
Ba6 15. Rfc1 Rfe8 16. Bf3 Nd7 17. Bd4 Bf6 18. Bxf6 Nxf6 19. a3 h6 20. b4 Qc7
21. Nb2 Rac8 22. Nd3 Qb6 23. Nc5 Bc4 24. e3 a5 25. Qc3 Rb8 26. Rab1 Qa7 27. Rb2
Rb6 28. Qd4 axb4 29. axb4 Reb8 30. Rcb1 Qa3 31. Qd2 Rb5 32. h3 Qa7 33. Kg2 Qe7
34. Qd4 Nd7 35. Nxd7 Qxd7 36. e4 Qb7 37. exd5 Bxd5 38. Bxd5 Rxd5 39. Qe4 Rb5
40. Rc1 c5 41. Qxb7 R8xb7 42. Rc4 f5 43. Rbc2 cxb4 44. Rb2 Kf7 45. f4 Ke6 46.
Rd4 b3 47. Rd3 g5 48. Kf3 Rb4 49. Re2+ Kf6 50. Rb2 R7b6 51. Re3 Kg6 52. Rd3
gxf4 53. gxf4 Kh5 54. Kg3 Rg6+ 55. Kh2 Rxf4 56. Rdxb3 Rf1 57. Rg2 Rc6 58. Rbb2
Rcc1 59. Rbf2 Rh1+ 60. Kg3 Kg5 61. Rf3 h5 62. Kf2+ Kf6 63. Kg3 Rc4 64. Rgf2 Rc5
65. Kg2 Ra1 66. Kg3 Ra4 67. Rf4 Rc3+ 68. R2f3 h4+ 69. Kxh4 Rxf4+ 70. Rxf4 Ke5
71. Ra4 f4 72. Rb4 Kf5 73. Ra4 Rc8 74. Ra5+ Ke4 75. Ra4+ 1/2-1/2

[Event "4NCL Division 2d"]
[Site "Puma Hotel, Hinckley Island EN"]
[Date "2013.05.05"]
[Round "10.83"]
[White "Jones, William EG"]
[Black "Coates, David H"]
[Result "1/2-1/2"]
[WhiteElo "2111"]
[BlackElo "2045"]
[PlyCount "127"]
[EventDate "2013.05.05"]
[WhiteTeam "KJCA Kings"]
[BlackTeam "e2e4.org.uk 2"]

1. e4 c5 2. Nf3 d6 3. d4 cxd4 4. Nxd4 Nf6 5. Nc3 a6 6. Be3 e5 7. Nb3 Be6 8. h3
Nbd7 9. Qf3 Nb6 10. g4 Be7 11. g5 Nfd7 12. h4 Nc4 13. Bxc4 Bxc4 14. O-O-O Qc7
15. Kb1 Rc8 16. Qg2 b5 17. f4 a5 18. Nd5 Bxd5 19. Rxd5 a4 20. Nc1 b4 21. Nd3
Rb8 22. f5 f6 23. g6 h6 24. Qd2 Nb6 25. Rb5 Nc4 26. Qxb4 O-O 27. Ba7 Rxb5 28.
Qxb5 Nd2+ 29. Kc1 Nxe4 30. Qd5+ Kh8 31. Qxe4 Qxa7 32. Nb4 Rc8 33. Rd1 a3 34. b3
Qc5 35. Nd5 Bd8 36. Ne3 Qc3 37. Nc4 Ba5 38. Nxa5 Qb2+ 39. Kd2 Qc3+ 40. Kc1 Qb2+
41. Kd2 Qc3+ 42. Ke2 Qxa5 43. Rxd6 Qc7 44. Qc4 Qb8 45. Rc6 Rd8 46. Rc7 e4 47.
Qf7 Rg8 48. c4 Qd8 49. Rd7 Qb8 50. Rc7 Qd8 51. Qd7 Qb8 52. c5 Qa8 53. Qc6 Qd8
54. Qd6 Qa8 55. Rd7 e3 56. Qd5 Qb8 57. Kxe3 Re8+ 58. Kd3 Qb5+ 59. Kd4 Qb4+ 60.
Kd3 Qb5+ 61. Kd4 Qb4+ 62. Kd3 Qb5+ 63. Kd4 Qb4+ 64. Kd3 1/2-1/2

[Event "4NCL Division 2d"]
[Site "Puma Hotel, Hinckley Island EN"]
[Date "2013.05.05"]
[Round "10.84"]
[White "Denton, John R"]
[Black "Ball, Laurence"]
[Result "0-1"]
[WhiteElo "2069"]
[BlackElo "2081"]
[PlyCount "122"]
[EventDate "2013.05.05"]
[WhiteTeam "e2e4.org.uk 2"]
[BlackTeam "KJCA Kings"]

1. d4 d6 2. Nf3 f5 3. c4 Nf6 4. Nc3 g6 5. g3 Bg7 6. Bg2 O-O 7. b3 Nc6 8. Bb2 e5
9. dxe5 dxe5 10. O-O e4 11. Ne1 Be6 12. Nc2 a6 13. Qxd8 Rfxd8 14. Rfd1 Ng4 15.
Rxd8+ Rxd8 16. Rd1 Rxd1+ 17. Nxd1 Bxb2 18. Nxb2 Nge5 19. f4 Ng4 20. h3 Nf6 21.
Kf2 Kf7 22. Na4 Ke7 23. e3 b5 24. cxb5 axb5 25. Nc3 b4 26. Na4 Nd5 27. Bf1 Kd6
28. Bb5 Na5 29. Ke1 c5 30. Kd2 Nc7 31. Be2 Bd7 32. Nb2 Bb5 33. Bxb5 Nxb5 34.
Na4 Kd5 35. Nb6+ Kc6 36. Na4 Nd6 37. Nb2 Kb5 38. Na4 Nc6 39. Nb2 c4 40. bxc4+
Nxc4+ 41. Nxc4 Kxc4 42. Na1 Na7 43. Nb3 Nb5 44. Kc2 Nc3 45. Nd2+ Kb5 46. Kb3
Nd1 47. Nf1 Nf2 48. h4 Ng4 49. Kb2 Ka4 50. Kc2 Ka3 51. Kb1 b3 52. axb3 Kxb3 53.
Kc1 Kc3 54. Kd1 Kd3 55. Ke1 Nxe3 56. Nh2 Nc2+ 57. Kf1 e3 58. Nf3 e2+ 59. Kf2
e1=Q+ 60. Nxe1+ Nxe1 61. Kxe1 Ke3 0-1

[Event "4NCL Division 2d"]
[Site "Puma Hotel, Hinckley Island EN"]
[Date "2013.05.05"]
[Round "10.85"]
[White "Lunn, Matthew"]
[Black "Zhang, Anthony Y"]
[Result "1-0"]
[WhiteElo "2004"]
[BlackElo "1773"]
[PlyCount "66"]
[EventDate "2013.05.05"]
[WhiteTeam "KJCA Kings"]
[BlackTeam "e2e4.org.uk 2"]

1. d4 Nf6 2. c4 g6 3. Nc3 Bg7 4. e4 d6 5. Nf3 O-O 6. Be2 e5 7. O-O Nc6 8. d5
Ne7 9. b4 a5 10. Ba3 axb4 11. Bxb4 Nd7 12. a4 Bh6 13. a5 f5 14. Nd2 Nf6 15. Bf3
Bxd2 16. Qxd2 fxe4 17. Nxe4 Nxe4 18. Bxe4 Bf5 19. f3 Kg7 20. Qb2 Qd7 21. Bxf5
Rxf5 22. f4 Kg8 23. fxe5 Rxe5 24. Bc3 Rf5 25. Qxb7 Raf8 26. a6 Rxf1+ 27. Rxf1
Rxf1+ 28. Kxf1 Qf5+ 29. Kg1 Qc2 30. Qb8+ Kf7 31. Qb2 Qd1+ 32. Kf2 Nc8 33. Qe2
Qc1 1-0

[Event "4NCL Division 2d"]
[Site "Puma Hotel, Hinckley Island EN"]
[Date "2013.05.05"]
[Round "10.86"]
[White "Garnett, John S"]
[Black "Tambini, Jasper"]
[Result "1-0"]
[WhiteElo "2028"]
[BlackElo "1978"]
[PlyCount "85"]
[EventDate "2013.05.05"]
[WhiteTeam "e2e4.org.uk 2"]
[BlackTeam "KJCA Kings"]

1. c4 e5 2. g3 Nc6 3. Bg2 f5 4. Nc3 Nf6 5. d3 Bb4 6. Bd2 O-O 7. e3 d6 8. Nge2
Qe8 9. O-O Qf7 10. Nd5 Bxd2 11. Nxf6+ Qxf6 12. Qxd2 f4 13. exf4 exf4 14. Nxf4
Nd4 15. Rae1 c6 16. Re3 Qh6 17. Qc3 Nf5 18. Re4 Nh4 19. Rfe1 Bg4 20. Ne6 Nf3+
21. Bxf3 Bxf3 22. Rh4 Qg6 23. Nxf8 Rxf8 24. Qd2 Rf5 25. Rf4 h5 26. Rxf5 Qxf5
27. Qe3 Kh7 28. h3 c5 29. Kh2 Bc6 30. g4 Qf6 31. b3 h4 32. g5 Qf5 33. Rg1 Kg6
34. Rg4 d5 35. Rxh4 d4 36. Qf4 Qxd3 37. Qd6+ Kf5 38. Rf4+ Kxg5 39. Qe5+ Kg6 40.
Qe6+ Kh5 41. Rf5+ g5 42. Qf7+ Kh4 43. Qh7# 1-0

[Event "4NCL Division 2d"]
[Site "Puma Hotel, Hinckley Island EN"]
[Date "2013.05.05"]
[Round "10.87"]
[White "Maguire, Robert"]
[Black "Ganger, Rajan"]
[Result "1/2-1/2"]
[WhiteElo "1956"]
[BlackElo "1982"]
[PlyCount "104"]
[EventDate "2013.05.05"]
[WhiteTeam "KJCA Kings"]
[BlackTeam "e2e4.org.uk 2"]

1. e4 e5 2. Nf3 Nc6 3. Bb5 a6 4. Ba4 Nf6 5. O-O Be7 6. Re1 b5 7. Bb3 O-O 8. c3
d6 9. h3 Na5 10. Bc2 c5 11. d3 Nc6 12. Nbd2 Bd7 13. Nf1 Qc7 14. Bg5 Ne8 15. Ng3
Bxg5 16. Nxg5 Nf6 17. Rc1 h6 18. Nf3 g6 19. Qd2 Kg7 20. Rf1 Ne7 21. Nh4 g5 22.
Nhf5+ Nxf5 23. Nxf5+ Bxf5 24. exf5 Rad8 25. g4 Nd5 26. f3 Nf4 27. Qh2 Qb6 28.
Kh1 Rh8 29. Rg1 Qc6 30. Rg3 f6 31. Kg1 h5 32. Kf2 h4 33. Rgg1 Qb6 34. Ke1 Rhe8
35. Rd1 c4 36. Kd2 cxd3 37. Bxd3 b4 38. cxb4 Qxb4+ 39. Kc2 Nxd3 40. Rxd3 Qc4+
41. Rc3 Qxa2 42. Qe2 Rc8 43. Kd3 Rxc3+ 44. bxc3 Qd5+ 45. Kc2 Qc6 46. Ra1 Rc8
47. Qd3 Ra8 48. Ra5 Kf7 49. Qe4 Rc8 50. Qd3 Ra8 51. Qe4 Rc8 52. Qd3 Ra8 1/2-1/2

[Event "4NCL Division 2d"]
[Site "Puma Hotel, Hinckley Island EN"]
[Date "2013.05.05"]
[Round "10.88"]
[White "Webster, Richard J"]
[Black "Giles, Yasmin"]
[Result "1/2-1/2"]
[WhiteElo "1970"]
[BlackElo "1873"]
[PlyCount "87"]
[EventDate "2013.05.05"]
[WhiteTeam "e2e4.org.uk 2"]
[BlackTeam "KJCA Kings"]

1. e4 c6 2. d4 d5 3. Nc3 dxe4 4. Nxe4 Nd7 5. Nf3 Ngf6 6. Bd3 Nxe4 7. Bxe4 Nf6
8. Bd3 Bg4 9. c3 e6 10. O-O Bd6 11. h3 Bxf3 12. Qxf3 h6 13. Bf4 Qc7 14. Bxd6
Qxd6 15. Rfe1 O-O-O 16. Rad1 Qc7 17. Qg3 Qxg3 18. fxg3 Rd7 19. b4 Nd5 20. Rc1
Kb8 21. Be4 Re8 22. a4 a6 23. Bf3 f6 24. Bg4 Rde7 25. Bh5 Rd8 26. Bg4 e5 27.
dxe5 Rxe5 28. Rxe5 fxe5 29. Kf2 Kc7 30. Ke2 Nf6 31. Ke3 Nxg4+ 32. hxg4 Rd6 33.
Rf1 Rf6 34. Rd1 Rd6 35. Re1 Kd7 36. Rh1 Ke7 37. Rh5 Kf6 38. Rf5+ Ke6 39. Ke4
Rd5 40. g5 hxg5 41. Rxg5 Kf6 42. Rf5+ Ke6 43. Rg5 Kf6 44. Rf5+ 1/2-1/2

[Event "4NCL Division 2d"]
[Site "Puma Hotel, Hinckley Island EN"]
[Date "2013.05.06"]
[Round "11.51"]
[White "Swanson, Stephen"]
[Black "Richardson, John R"]
[Result "1/2-1/2"]
[WhiteElo "2253"]
[BlackElo "2320"]
[PlyCount "129"]
[EventDate "2013.05.06"]
[WhiteTeam "Poisoned Pawns"]
[BlackTeam "The AD's"]

1. e4 c6 2. Nc3 d5 3. Nf3 Bg4 4. h3 Bxf3 5. Qxf3 e6 6. g3 Nf6 7. Bg2 dxe4 8.
Nxe4 Nxe4 9. Qxe4 Qd5 10. O-O Qxe4 11. Bxe4 Nd7 12. Bg2 Nf6 13. b3 O-O-O 14. d3
Nd5 15. Bb2 f6 16. a3 e5 17. d4 exd4 18. Bxd4 Nb6 19. Rfd1 c5 20. Bb2 Be7 21.
c4 Rxd1+ 22. Rxd1 Rd8 23. Rxd8+ Bxd8 24. Bc3 Nd7 25. f4 Nb8 26. Kf2 Nc6 27. Be4
h6 28. Bxc6 bxc6 29. Kf3 Kd7 30. g4 Ke6 31. Ke4 Be7 32. Bd2 Bd6 33. Be3 a6 34.
Bd2 Be7 35. f5+ Kf7 36. Bf4 Ke8 37. h4 Kd7 38. Be3 Ke8 39. Kd3 Kd7 40. Kc3 a5
41. Kd3 Kd6 42. Ke4 Kd7 43. Bd2 Bd8 44. Bc3 Ke7 45. Kf3 Kf7 46. Bd2 Bc7 47. Be1
Bd8 48. Bg3 Ke8 49. Bf4 Kd7 50. Be3 Kd6 51. Bd2 Kd7 52. Bc3 Kd6 53. Be1 Kd7 54.
Bd2 Kd6 55. Bc3 Ke7 56. g5 h5 57. Bd2 Bc7 58. g6 Ke8 59. Be1 Ke7 60. Bd2 Ke8
61. b4 cxb4 62. axb4 axb4 63. Bxb4 Be5 64. Bc5 Bh2 65. Bb4 1/2-1/2

[Event "4NCL Division 2d"]
[Site "Puma Hotel, Hinckley Island EN"]
[Date "2013.05.06"]
[Round "11.52"]
[White "Wheeler, Darren P"]
[Black "Byway, Paul V"]
[Result "1/2-1/2"]
[WhiteElo "2284"]
[BlackElo "2157"]
[PlyCount "32"]
[EventDate "2013.05.06"]
[WhiteTeam "The AD's"]
[BlackTeam "Poisoned Pawns"]

1. e4 c5 2. f4 e6 3. Nf3 d5 4. Bb5+ Bd7 5. Bxd7+ Qxd7 6. Ne5 Qc7 7. exd5 exd5
8. Nc3 Nf6 9. Qf3 Nc6 10. Nxd5 Nxd5 11. Qxd5 Rd8 12. Qe4 Rd4 13. Qe2 Nxe5 14.
fxe5 Rd5 15. O-O Qxe5 16. Re1 Qxe2 1/2-1/2

[Event "4NCL Division 2d"]
[Site "Puma Hotel, Hinckley Island EN"]
[Date "2013.05.06"]
[Round "11.53"]
[White "Goodger, Martyn"]
[Black "Snape, Ian L"]
[Result "0-1"]
[WhiteElo "2086"]
[BlackElo "2249"]
[PlyCount "56"]
[EventDate "2013.05.06"]
[WhiteTeam "Poisoned Pawns"]
[BlackTeam "The AD's"]

1. e4 d6 2. d4 Nf6 3. Nc3 Nbd7 4. f4 e5 5. Nf3 exd4 6. Qxd4 c6 7. Be3 d5 8.
exd5 Bc5 9. Qd3 Qe7 10. Kd2 O-O 11. Re1 Bxe3+ 12. Rxe3 Qb4 13. dxc6 bxc6 14.
Kc1 Rb8 15. b3 Nc5 16. Qd4 Qa3+ 17. Kb1 Be6 18. Rxe6 Nxe6 19. Qc4 Nc5 20. Nd4
Nfe4 21. Nxe4 Nxe4 22. Nf3 Rb4 23. Qxc6 Ra4 24. c4 Qxa2+ 25. Kc1 Qa1+ 26. Kc2
Qc3+ 27. Kd1 Ra1+ 28. Ke2 Ra2+ 0-1

[Event "4NCL Division 2d"]
[Site "Puma Hotel, Hinckley Island EN"]
[Date "2013.05.06"]
[Round "11.54"]
[White "Anderton, David W"]
[Black "McEwan, Ken B"]
[Result "1/2-1/2"]
[WhiteElo "2217"]
[BlackElo "2100"]
[PlyCount "103"]
[EventDate "2013.05.06"]
[WhiteTeam "The AD's"]
[BlackTeam "Poisoned Pawns"]

1. d4 Nf6 2. c4 e6 3. Nc3 d5 4. cxd5 exd5 5. Bg5 c6 6. e3 Be7 7. Qc2 Bg4 8.
Nge2 Qd7 9. Ng3 Nh5 10. Bxe7 Qxe7 11. Nf5 Bxf5 12. Qxf5 g6 13. Qc8+ Qd8 14.
Qxb7 Qb6 15. Qc8+ Qd8 16. Qxd8+ Kxd8 17. Rc1 Ng7 18. Na4 Ne6 19. Bd3 Ke7 20.
O-O Rc8 21. Rc2 Nd7 22. Rfc1 Kd6 23. b4 Rab8 24. a3 f5 25. g3 Rc7 26. f3 h5 27.
h4 Rf8 28. Kf2 Re8 29. Nc5 Ndxc5 30. bxc5+ Ke7 31. Rb2 Kf6 32. Rcb1 Ree7 33.
Rb8 Kg7 34. Ba6 Nf8 35. Ke2 Ne6 36. Kd2 Nf8 37. a4 Ne6 38. a5 Nf8 39. R1b7 Ne6
40. Rxc7 Rxc7 41. Bb7 Kf7 42. a6 Ke7 43. Ra8 Nd8 44. Rxa7 Ke6 45. Kc3 Kf6 46.
Kb4 Re7 47. Ra8 Nxb7 48. Ra7 Nxc5 49. Rxe7 Nxa6+ 50. Ka5 Kxe7 51. Kxa6 Ke6 52.
Ka5 1/2-1/2

[Event "4NCL Division 2d"]
[Site "Puma Hotel, Hinckley Island EN"]
[Date "2013.05.06"]
[Round "11.55"]
[White "Rosen, Daniel B"]
[Black "Besedin, Pavel"]
[Result "1/2-1/2"]
[WhiteElo "2085"]
[BlackElo "2081"]
[PlyCount "63"]
[EventDate "2013.05.06"]
[WhiteTeam "Poisoned Pawns"]
[BlackTeam "The AD's"]

1. e4 e5 2. Nf3 Nf6 3. d4 Nxe4 4. Nxe5 d6 5. Nf3 d5 6. Bd3 Nc6 7. O-O Bg4 8.
Be3 Bd6 9. c4 Nb4 10. Be2 dxc4 11. Nc3 Nxc3 12. bxc3 Nd5 13. Qa4+ c6 14. Qxc4
O-O 15. Bd2 Qf6 16. Rae1 b5 17. Qb3 Rae8 18. Bd1 Nf4 19. Re3 Be6 20. Qc2 Bf5
21. Qb3 Be4 22. Rfe1 Bd5 23. Qb1 Nxg2 24. Rxe8 Bxf3 25. Rxf8+ Kxf8 26. Bxf3
Nxe1 27. Bxc6 Bxh2+ 28. Kxh2 Qxf2+ 29. Kh3 Qf1+ 30. Kg3 Qg1+ 31. Kh3 Qf1+ 32.
Kg3 1/2-1/2

[Event "4NCL Division 2d"]
[Site "Puma Hotel, Hinckley Island EN"]
[Date "2013.05.06"]
[Round "11.56"]
[White "Bellin, Jana M"]
[Black "McCorry, Robert T"]
[Result "1/2-1/2"]
[WhiteElo "2128"]
[BlackElo "2076"]
[PlyCount "33"]
[EventDate "2013.05.06"]
[WhiteTeam "The AD's"]
[BlackTeam "Poisoned Pawns"]

1. d4 Nf6 2. Nf3 g6 3. c4 Bg7 4. Nc3 d5 5. Bg5 Ne4 6. cxd5 Nxg5 7. Nxg5 e6 8.
Nf3 exd5 9. b4 O-O 10. e3 Be6 11. Bd3 Qe7 12. Rb1 Nd7 13. O-O c6 14. Qb3 a6 15.
a4 f5 16. Ne2 g5 17. Qc2 1/2-1/2

[Event "4NCL Division 2d"]
[Site "Puma Hotel, Hinckley Island EN"]
[Date "2013.05.06"]
[Round "11.58"]
[White "Tome, Daniel"]
[Black "Sucikova, Svetlana"]
[Result "0-1"]
[WhiteElo "2100"]
[BlackElo "1877"]
[PlyCount "80"]
[EventDate "2013.05.06"]
[WhiteTeam "The AD's"]
[BlackTeam "Poisoned Pawns"]

1. d4 d5 2. c4 e6 3. Nc3 c6 4. Nf3 Nf6 5. Bg5 Be7 6. e3 Nbd7 7. Bd3 O-O 8. O-O
dxc4 9. Bxc4 b5 10. Bd3 a6 11. Qe2 Bb7 12. Rfd1 Rc8 13. Rac1 c5 14. Bxf6 Bxf6
15. Ne4 Bxe4 16. Bxe4 Qb6 17. Ne5 Nxe5 18. dxe5 Bxe5 19. Bxh7+ Kxh7 20. Qh5+
Kg8 21. Qxe5 Rfd8 22. h4 c4 23. Qg5 Rd6 24. h5 Qd8 25. Qg4 Rc5 26. Rxd6 Qxd6
27. Rd1 Rd5 28. Rxd5 Qxd5 29. h6 Qe5 30. Qxg7+ Qxg7 31. hxg7 Kxg7 32. Kf1 b4
33. Ke2 Kf6 34. e4 e5 35. Ke3 Kg5 36. a3 c3 37. Kd3 cxb2 38. Kc2 bxa3 39. Kb1
Kf4 40. f3 Kg3 0-1

[Event "4NCL Division 2d"]
[Site "Puma Hotel, Hinckley Island EN"]
[Date "2013.05.06"]
[Round "11.61"]
[White "Jones, Richard S"]
[Black "Dorrington, Chris J"]
[Result "1-0"]
[WhiteElo "2401"]
[BlackElo "2307"]
[PlyCount "89"]
[EventDate "2013.05.06"]
[WhiteTeam "Rhyfelwyr Essyllwg 1"]
[BlackTeam "Barbican Youth"]

1. e4 c5 2. Nf3 d6 3. d4 Nf6 4. Nc3 cxd4 5. Nxd4 e6 6. Be3 Be7 7. f3 O-O 8. Qd2
d5 9. e5 Nfd7 10. f4 Nc6 11. O-O-O Qa5 12. Nb3 Qc7 13. g4 f6 14. exf6 Nxf6 15.
Be2 Bb4 16. Bf3 e5 17. Bxd5+ Kh8 18. Bxc6 bxc6 19. fxe5 Nxg4 20. a3 Be7 21. Bf4
Nxe5 22. Bg3 Bf6 23. Ne4 Bg4 24. Nxf6 gxf6 25. Rde1 Rae8 26. Qc3 Qg7 27. Rhf1
Bh3 28. Rg1 Ng6 29. Rxe8 Rxe8 30. Bh4 Re5 31. Qxh3 Qh6+ 32. Kb1 Qxh4 33. Qc8+
Kg7 34. Qb7+ Kh6 35. Qxc6 Qf2 36. Rg2 Qf1+ 37. Ka2 f5 38. Nd2 Qf4 39. Nf3 Re7
40. Ng5 Rc7 41. Qf6 Qc4+ 42. b3 Qd5 43. Rf2 Re7 44. Rf4 Kh5 45. Nf3 1-0

[Event "4NCL Division 2d"]
[Site "Puma Hotel, Hinckley Island EN"]
[Date "2013.05.06"]
[Round "11.62"]
[White "Rogers, Jonathan W"]
[Black "Kett, Timothy J"]
[Result "1/2-1/2"]
[WhiteElo "2328"]
[BlackElo "2220"]
[PlyCount "119"]
[EventDate "2013.05.06"]
[WhiteTeam "Barbican Youth"]
[BlackTeam "Rhyfelwyr Essyllwg 1"]

1. d4 Nf6 2. Nf3 g6 3. Bg5 Bg7 4. Nbd2 O-O 5. c3 d6 6. e4 Nbd7 7. Bc4 h6 8. Bh4
c6 9. Bb3 Qc7 10. O-O e5 11. dxe5 dxe5 12. Bg3 b5 13. a4 Bb7 14. Qe2 a6 15. Bc2
Nh5 16. Nb3 Nf4 17. Qe3 c5 18. Rfd1 c4 19. Na5 Bc8 20. b4 cxb3 21. Nxb3 b4 22.
Bd3 bxc3 23. Bf1 Rb8 24. Nbd4 exd4 25. Qxf4 Qxf4 26. Bxf4 Rb6 27. Nxd4 c2 28.
Nxc2 Bxa1 29. Rxa1 Bb7 30. f3 Rc8 31. Nd4 Rb4 32. Be3 Nb6 33. a5 Nc4 34. Bxh6
Nxa5 35. Rxa5 Rxd4 36. Ra1 Rc2 37. Bg5 Rd6 38. e5 Rdc6 39. Ra4 Kf8 40. Rd4 Rc8
41. Bd3 R2c5 42. Bf6 Rd5 43. Rh4 Ke8 44. e6 Rh5 45. Rb4 Rc1+ 46. Kf2 Bc8 47.
Bb2 Rc6 48. Rb8 Ke7 49. Be4 Rc7 50. exf7 Kxf7 51. Rb6 Rb5 52. Bxg6+ Kg8 53.
Rxb5 axb5 54. Ke3 b4 55. h4 Be6 56. Be4 Bb3 57. Be5 Rc5 58. f4 Bd5 59. Kd4 Bxe4
60. Kxc5 1/2-1/2

[Event "4NCL Division 2d"]
[Site "Puma Hotel, Hinckley Island EN"]
[Date "2013.05.06"]
[Round "11.63"]
[White "Morris, Gareth L"]
[Black "Poobalasingam, Peter S"]
[Result "0-1"]
[WhiteElo "2091"]
[BlackElo "2211"]
[PlyCount "86"]
[EventDate "2013.05.06"]
[WhiteTeam "Rhyfelwyr Essyllwg 1"]
[BlackTeam "Barbican Youth"]

1. d4 Nf6 2. Nf3 g6 3. c4 Bg7 4. Nc3 d5 5. cxd5 Nxd5 6. Bd2 Nb6 7. Bf4 O-O 8.
e3 Be6 9. Be2 Nd5 10. Nxd5 Bxd5 11. Qc2 c6 12. e4 Be6 13. O-O Bg4 14. Rfd1 Bxf3
15. Bxf3 Bxd4 16. Qb3 Qb6 17. Rxd4 Qxd4 18. Qxb7 Qd7 19. Qxa8 Na6 20. Qxf8+
Kxf8 21. Rd1 Qe6 22. Bh6+ Ke8 23. a3 Nc5 24. e5 Nd7 25. Bd2 Nxe5 26. Be2 Nd7
27. Bf3 Ne5 28. Be2 Nc4 29. Bxc4 Qxc4 30. Bc3 f6 31. Re1 Kf7 32. h3 h5 33. f3
Qd5 34. Re4 g5 35. Rd4 Qf5 36. Kh1 Qc8 37. Re4 Qf5 38. Kg1 Qh7 39. Ra4 Qd3 40.
Kh2 Qd6+ 41. f4 gxf4 42. Rd4 Qc7 43. Kh1 Kg6 0-1

[Event "4NCL Division 2d"]
[Site "Puma Hotel, Hinckley Island EN"]
[Date "2013.05.06"]
[Round "11.64"]
[White "Sanders, Isaac B"]
[Black "Brown, Tom"]
[Result "1-0"]
[WhiteElo "2147"]
[BlackElo "2091"]
[PlyCount "81"]
[EventDate "2013.05.06"]
[WhiteTeam "Barbican Youth"]
[BlackTeam "Rhyfelwyr Essyllwg 1"]

1. e4 c6 2. d4 d5 3. Nc3 dxe4 4. Nxe4 Bf5 5. Ng3 Bg6 6. h4 h6 7. Nh3 Nd7 8. Nf4
Bh7 9. Bc4 Nb6 10. Bb3 e6 11. O-O Qxh4 12. Re1 O-O-O 13. Qf3 Nf6 14. a4 Qg4 15.
Qxg4 Nxg4 16. a5 Nd5 17. f3 Nxf4 18. Bxf4 g5 19. Bd2 Nf6 20. a6 b6 21. c3 Rg8
22. Ne4 Nxe4 23. fxe4 Be7 24. Rf1 Bg6 25. Ba4 Kc7 26. Bc2 h5 27. Be3 h4 28.
Rac1 Rh8 29. Kh2 Rdf8 30. c4 f5 31. exf5 Bxf5 32. Bd1 g4 33. c5 b5 34. Bf4+ Kc8
35. Be5 Rhg8 36. Bb3 Kd7 37. Rce1 g3+ 38. Kg1 Bd8 39. Bd6 Rf6 40. Rxf5 exf5 41.
Bxg8 1-0